Phân lập và khảo sát tính đề kháng kháng sinh của Escherichia coli sinh beta-lactamase phổ rộng từ vịt tại tỉnh Trà Vinh : Luận văn tốt nghiệp Cao học. Chuyên ngành Thú y
Xác định tình hình nhiễm E. coli sinh beta-lactamase phổ rộng trên vịt và sự đề kháng kháng sinh của vi khuẩn phân lập được, xác định sự hiện diện gen E. coli mã hóa beta-lactamase phổ rộng từ đó giúp người chăn nuôi vịt tại Trà Vinh có biện p...
Guardado en:
| Autor principal: | |
|---|---|
| Formato: | Libro |
| Lenguaje: | Undetermined |
| Publicado: |
Cần Thơ
Trường Đại học Cần Thơ
2018
|
| Materias: | |
| Etiquetas: |
Agregar Etiqueta
Sin Etiquetas, Sea el primero en etiquetar este registro!
|
| Thư viện lưu trữ: | Trung tâm Học liệu Trường Đại học Cần Thơ |
|---|
| LEADER | 01279nam a2200217Ia 4500 | ||
|---|---|---|---|
| 001 | CTU_228615 | ||
| 008 | 210402s9999 xx 000 0 und d | ||
| 082 | |a 636.597089 | ||
| 082 | |b B116 | ||
| 088 | |a 8640101 | ||
| 100 | |a Bùi, Thị Tuyết Băng | ||
| 245 | 0 | |a Phân lập và khảo sát tính đề kháng kháng sinh của Escherichia coli sinh beta-lactamase phổ rộng từ vịt tại tỉnh Trà Vinh : | |
| 245 | 0 | |b Luận văn tốt nghiệp Cao học. Chuyên ngành Thú y | |
| 245 | 0 | |c Bùi Thị Tuyết Băng ; Lưu Hữu Mãnh (Cán bộ hướng dẫn) | |
| 260 | |a Cần Thơ | ||
| 260 | |b Trường Đại học Cần Thơ | ||
| 260 | |c 2018 | ||
| 520 | |a Xác định tình hình nhiễm E. coli sinh beta-lactamase phổ rộng trên vịt và sự đề kháng kháng sinh của vi khuẩn phân lập được, xác định sự hiện diện gen E. coli mã hóa beta-lactamase phổ rộng từ đó giúp người chăn nuôi vịt tại Trà Vinh có biện pháp phòng trị tốt hơn. | ||
| 650 | |a Veterinary bacteriology,Vi khuẩn thú y | ||
| 910 | |b nthai | ||
| 980 | |a Trung tâm Học liệu Trường Đại học Cần Thơ | ||